000 00566nam a2200205Ia 4500
005 20250711132141.0
008 008 250516s9999 xx 000 0 eng d
020 _a9789819976942
040 _beng
_cSDCL
041 _aeng
_2eng
084 _aB37:4 R4
100 _aLayek, G. C.
_9471978
245 0 _aThe introduction to dynamical systems and chaos
250 _a2nd ed.
260 _aSingapore :
_bSpringer,
_c2024.
300 _axvii, 688p.
490 _aUniversity texts in the mathematical sciences
650 _aMathematics
942 _cTEXL
_2CC
999 _c1430784
_d1430784